V-15 FARABİ (Record no. 588826)

MARC details
000 -LEADER
sabit uzunluktaki kontrol alanı 00263nam a2200109Ia 4500
001 - KONTROL NUMARASI
kontrol alanı 588826
005 - EN SON İŞLEMİN TARİH VE ZAMANI
kontrol alanı 20250717120838.0
008 - SABİT-UZUNLUKTA VERİ ÖĞELERİ--GENEL BİLGİ
sabit uzunluktaki kontrol alanı 250717s9999 xx 000 0 und d
245 #0 - ESER / YAZAR
ESER ADI V-15 FARABİ
Yazar Adı DİDEM DEMİREL
260 ## - YAYIN, DAĞITIM, VB.
YAYIN EVİ TİMAŞ YAYINLARI
Yayın, dağıtım tarihi, vb. 2016
300 ## - FİZİKSEL AÇIKLAMA
Diğer fiziksel ayrıntılar 47

No items available.